| 000 | 00497nam a2200193 4500 | ||
|---|---|---|---|
| 003 | MX-MxINE | ||
| 005 | 20260601193905.0 | ||
| 008 | 260509b |||||||| |||| 00| 0 eng d | ||
| 040 |
_aICI _bspa _cICI _erda |
||
| 041 | _aspa | ||
| 050 |
_aHM851 _bU85 |
||
| 245 |
_aUtopia : _bcultura digital |
||
| 336 |
_2rdacontent _atexto |
||
| 337 |
_2rdamedia _asin medio |
||
| 338 |
_2rdacarrier _avolumen |
||
| 650 | _aSociedad de la información | ||
| 650 |
_aCultura digital _934390 |
||
| 942 |
_2lcc _n1 _cB |
||
| 999 |
_c22368 _d22368 |
||